| 000 | 01586cam a22002651i 4500 | ||
|---|---|---|---|
| 003 | SA-RiAUC | ||
| 005 | 20250130080421.0 | ||
| 008 | 250128s2007 le g 00010 ara c | ||
| 040 |
_aSA-RiIMS _bara _cSA-RiAUC _erda |
||
| 082 | 0 | 4 | _a258.4 |
| 090 |
_a258.4 _b ا ب ن م |
||
| 100 | 1 |
_aابن المبرد، يوسف بن حسن بن أحمد، _d840-909 هجري _eمؤلف. |
|
| 245 | 1 | 0 |
_aكتاب مقبول المنقول من علمي الجدل والأصول على قاعدة مذهب إمام الأئمة ورباني الأمة الإمام الرباني والصديق الثاني أحمد محمد حنبل الشيباني / _cجمال الدين أبي المحاسن يوسف بن حسن بن أحمد بن عبد الهادي المقدسي الحنبلي ؛ تحقيق عبد الله بن سالم البطاطي. |
| 246 | 3 | 0 | _aمقبول المنقول من علمي الجدل والأصول على قاعدة مذهب إمام الأئمة ورباني الأمة الإمام الرباني والصديق الثاني أحمد محمد حنبل الشيباني |
| 250 | _aالطبعة الأولى. | ||
| 264 | 1 |
_aبيروت : _bدار البشائر الإسلامية، _c2007 |
|
| 300 |
_a320 صفحة ؛ _c24 سم |
||
| 336 |
_aنص _btxt _2rdacontent _3كتاب |
||
| 337 |
_aبدون وسيط _bn _2rdamedia |
||
| 338 |
_aمجلد _bnc _2rdacarrier |
||
| 650 | 7 |
_aالفقه الحنبلي _2aucsh |
|
| 700 | 1 |
_aالبطاطي، عبد الله بن سالم _eمحقق. |
|
| 942 |
_2ddc _cBOOK _n0 |
||
| 949 |
_aSA-JeALM _d250128 _umohamedma123 _n1 |
||
| 999 |
_c5456 _d5456 |
||